| Tag |
First Indicator |
Second Indicator |
Subfields |
| LEADER |
00000pam a2200000 a 4500 |
| 001 |
in00000086953 |
| 005 |
20151008064640.0 |
| 008 |
810603s1982 nyua b 00100 eng |
| 010 |
|
|
|a 81010421
|
| 020 |
|
|
|a 0442212259
|
| 035 |
|
|
|a (OCoLC)07572597
|
| 035 |
|
|
|9 AAK4553AM
|
| 039 |
0 |
|
|a 2
|b 3
|c 3
|d 3
|e 3
|
| 040 |
|
|
|a DLC
|c DLC
|d TXA
|d UtOrBLW
|
| 043 |
|
|
|a n-us---
|
| 049 |
|
|
|a TXAM
|c [1407110]
|
| 050 |
0 |
0 |
|a HQ759.4
|b .P73
|
| 060 |
|
0 |
|a WS 462 P923
|
| 082 |
0 |
|
|a 362.7/96
|2 19
|
| 245 |
0 |
0 |
|a Pregnancy in adolescence :
|b needs, problems, and management /
|c edited by Irving R. Stuart and Carl F. Wells.
|
| 264 |
|
1 |
|a New York :
|b Van Nostrand Reinhold,
|c [1982]
|
| 264 |
|
4 |
|c ©1982
|
| 300 |
|
|
|a xxvi, 441 pages :
|b illustrations ;
|c 24 cm.
|
| 336 |
|
|
|a text
|b txt
|2 rdacontent
|
| 337 |
|
|
|a unmediated
|b n
|2 rdamedia
|
| 338 |
|
|
|a volume
|b nc
|2 rdacarrier
|
| 504 |
|
|
|a Includes bibliographies and index.
|
| 650 |
|
0 |
|a Teenage mothers
|z United States.
|
| 650 |
|
0 |
|a Teenage mothers
|x Legal status, laws, etc.
|z United States.
|
| 650 |
|
0 |
|a Teenage pregnancy
|z United States.
|
| 650 |
|
0 |
|a Teenage pregnancy
|x Psychological aspects.
|
| 650 |
|
2 |
|a Pregnancy in Adolescence.
|
| 700 |
1 |
|
|a Stuart, Irving R.
|
| 700 |
1 |
|
|a Wells, Carl F.
|
| 999 |
|
|
|a MARS
|
| 999 |
f |
f |
|s c60af6d4-8e8d-344f-b836-9a2a821c74e1
|i 17be29ad-84a8-3dd8-9b33-9a7d9902f98d
|t 0
|
| 952 |
f |
f |
|p ric
|a Texas A&M University
|b Rellis Campus
|c Joint Library Facility
|d Remote Storage
|t 0
|e HQ759.4 .P73
|h Library of Congress classification
|i unmediated -- volume
|m A14806142310
|
| 998 |
f |
f |
|a HQ759.4 .P73
|t 0
|l Remote Storage
|